000
00257nam a2200097Ia 4500
001
1205224
005
20250827022743.0
008
250824s9999 xx 000 0 und d
245
0
_a
TÜRKÜLERİMİZ
_c
İBRAHİM DEMİRCİ
260
_b
K.B.B. KÜLTÜR YAYINLARI
999
_c
1205224
_d
1205224